000 00336nam a2200169Ia 4500
100 _aDoyle/Barbara
650 _aC#
942 _cBK
366 _f25
654 _aC#
245 _aProgramming in C#
260 _bCengage Learning
_c2008
082 _a5.133
_bDOY
300 _a759
546 _aENGLISH
_cPAMPHALETS
999 _c19996
_d19996